| 000 | 00569nam a2200193 i 4500 | ||
|---|---|---|---|
| 001 | bg | ||
| 245 | 0 |
_aPhysics of thin films : _badvances in research and development. Vol.9 / _ced. by Georg Hass, Maurice H. Francombe, Richard W. Hoffman. |
|
| 260 |
_aNew York : _bAcademic Press, _c1977. |
||
| 700 | 1 | _aHASS, Georg | |
| 700 | 1 | _aFRANCOMBE, Maurice H. | |
| 700 | 1 | _aHOFFMAN, Richard W. | |
| 020 | _a012533009X | ||
| 040 | _cBPK | ||
| 041 | _apol | ||
| 080 | _a669:538.975 | ||
| 920 | _a0-12-533009-X | ||
| 942 | _cKS | ||
| 008 | s pl f |000 0 pol | ||
| 999 |
_c18585 _d18585 |
||
| 856 |
_uhttp://koha.tu.koszalin.pl/cgi-bin/koha/opac-detail.pl?biblionumber=18585 _yKatalog online BPK |
||